<?xml version="1.0" encoding="UTF-8"?><marc:collection xmlns:marc="http://www.loc.gov/MARC21/slim">
  <marc:record>
    <marc:leader>00000nam##2200000za#4500</marc:leader>
    <marc:controlfield tag="001">9.570858</marc:controlfield>
    <marc:controlfield tag="003">CaOODSP</marc:controlfield>
    <marc:controlfield tag="005">20210624182438</marc:controlfield>
    <marc:controlfield tag="007">cr |||||||||||</marc:controlfield>
    <marc:controlfield tag="008">150406|2008||||xxc|||||o    f|0| 0 eng|d</marc:controlfield>
    <marc:datafield tag="022" ind1=" " ind2=" ">
      <marc:subfield code="a">1919-5087</marc:subfield>
    </marc:datafield>
    <marc:datafield tag="040" ind1=" " ind2=" ">
      <marc:subfield code="a">CaOODSP</marc:subfield>
      <marc:subfield code="b">eng</marc:subfield>
    </marc:datafield>
    <marc:datafield tag="043" ind1=" " ind2=" ">
      <marc:subfield code="a">n-cn---</marc:subfield>
    </marc:datafield>
    <marc:datafield tag="086" ind1="1" ind2=" ">
      <marc:subfield code="a">Fs70-6/2008-046E-PDF</marc:subfield>
    </marc:datafield>
    <marc:datafield tag="110" ind1="1" ind2=" ">
      <marc:subfield code="a">Canada. </marc:subfield>
      <marc:subfield code="b">Department of Fisheries and Oceans. </marc:subfield>
      <marc:subfield code="b">Pacific Region.</marc:subfield>
    </marc:datafield>
    <marc:datafield tag="245" ind1="1" ind2="0">
      <marc:subfield code="a">Recovery potential assessment for the Salish sucker (Catostomus sp.) in Canada </marc:subfield>
      <marc:subfield code="h">[electronic resource]</marc:subfield>
    </marc:datafield>
    <marc:datafield tag="246" ind1="1" ind2=" ">
      <marc:subfield code="a">Pacific Region - Salish sucker</marc:subfield>
    </marc:datafield>
    <marc:datafield tag="260" ind1=" " ind2=" ">
      <marc:subfield code="a">Nanaimo - British Columbia : </marc:subfield>
      <marc:subfield code="b">Fisheries and Oceans Canada. </marc:subfield>
      <marc:subfield code="c">September 2009.</marc:subfield>
    </marc:datafield>
    <marc:datafield tag="300" ind1=" " ind2=" ">
      <marc:subfield code="a">14p.</marc:subfield>
      <marc:subfield code="b">map, references, tables, photographs</marc:subfield>
    </marc:datafield>
    <marc:datafield tag="490" ind1="1" ind2=" ">
      <marc:subfield code="a">Canadian Science Advisory Secretariat science advisory report </marc:subfield>
      <marc:subfield code="x">1919-5087</marc:subfield>
      <marc:subfield code="v">2008/046, Pacific Region</marc:subfield>
    </marc:datafield>
    <marc:datafield tag="590" ind1=" " ind2=" ">
      <marc:subfield code="a">11-21-Supp</marc:subfield>
      <marc:subfield code="b">2011-09-30</marc:subfield>
    </marc:datafield>
    <marc:datafield tag="775" ind1="0" ind2="8">
      <marc:subfield code="t">Évaluation du potentiel de rétablissement du meunier de Salish (Catostomus sp.) au Canada </marc:subfield>
      <marc:subfield code="w">(CaOODSP)9.601502</marc:subfield>
    </marc:datafield>
    <marc:datafield tag="830" ind1="#" ind2="0">
      <marc:subfield code="a">Science advisory report (Canadian Science Advisory Secretariat)</marc:subfield>
      <marc:subfield code="x">1919-5087</marc:subfield>
      <marc:subfield code="v">2008/046, Pacific Region</marc:subfield>
      <marc:subfield code="w">(CaOODSP)9.506226</marc:subfield>
    </marc:datafield>
    <marc:datafield tag="856" ind1="4" ind2="0">
      <marc:subfield code="a">http://publications.gc.ca</marc:subfield>
      <marc:subfield code="q">PDF</marc:subfield>
      <marc:subfield code="s">264 KB</marc:subfield>
      <marc:subfield code="u">https://publications.gc.ca/collections/collection_2011/mpo-dfo/Fs70-6-2008-046-eng.pdf</marc:subfield>
      <marc:subfield code="y">2008/046, Pacific Region</marc:subfield>
    </marc:datafield>
  </marc:record>
</marc:collection>
